[Event "DEM U12 2021"]
[Site "Willingen GER"]
[Date "2021.08.25"]
[Round "4"]
[White "Haubold, Sebastian Marcel"]
[Black "Haubold, Christian Lucas"]
[Result "0-1"]
[Termination "normal"]
[Board "3"]
[WhiteElo "1813"]
[BlackElo "1649"]
[WhiteClock "00:40:58"]
[BlackClock "00:25:38"]
[PlyCount "102"]
[WhiteFideId "16259637"]
[BlackFideId "16259629"]
[EventCountry "GER"]
[EventRounds "9"]
[EventType "swiss"]
[EventDate "2021.08.22"]

1. e4 {[%clk 01:30:58]} {[%emt 14:20:10]} e5 {[%clk 01:30:52]} {[%emt
00:00:07]} 2. Nf3 {[%clk 01:31:23]} {[%emt 00:00:05]} Nc6 {[%clk 01:31:15]}
{[%emt 00:00:09]} 3. Bb5 {[%clk 01:31:49]} {[%emt 00:00:04]} a6 {[%clk
01:31:27]} {[%emt 00:00:17]} 4. Ba4 {[%clk 01:32:14]} {[%emt 00:00:05]} d6
{[%clk 01:31:44]} {[%emt 00:00:13]} 5. O-O {[%clk 01:31:53]} {[%emt 00:00:50]}
b5 {[%clk 01:31:01]} {[%emt 00:01:14]} 6. Bb3 {[%clk 01:32:15]} {[%emt
00:00:08]} Nf6 {[%clk 01:31:00]} {[%emt 00:00:32]} 7. c3 {[%clk 01:31:10]}
{[%emt 00:01:36]} Be7 {[%clk 01:30:03]} {[%emt 00:01:27]} 8. d4 {[%clk
01:27:45]} {[%emt 00:03:55]} Bg4 {[%clk 01:28:17]} {[%emt 00:02:16]} 9. Be3
{[%clk 01:25:29]} {[%emt 00:02:45]} d5 {[%clk 01:14:37]} {[%emt 00:14:10]} 10.
dxe5 {[%clk 01:17:41]} {[%emt 00:08:18]} Nxe5 {[%clk 01:14:04]} {[%emt
00:01:05]} 11. exd5 {[%clk 01:16:07]} {[%emt 00:02:01]} Nxf3+ {[%clk 01:02:10]}
{[%emt 00:12:25]} 12. gxf3 {[%clk 01:16:10]} {[%emt 00:00:27]} Bh3 {[%clk
01:01:31]} {[%emt 00:01:10]} 13. Re1 {[%clk 01:15:44]} {[%emt 00:00:55]} O-O
{[%clk 00:53:32]} {[%emt 00:08:29]} 14. Bg5 {[%clk 00:54:52]} {[%emt 00:21:22]}
Qd7 {[%clk 00:42:42]} {[%emt 00:11:20]} 15. Bxf6 {[%clk 00:46:13]} {[%emt
00:09:09]} Bxf6 {[%clk 00:42:58]} {[%emt 00:00:14]} 16. Nd2 {[%clk 00:42:52]}
{[%emt 00:03:51]} Qf5 {[%clk 00:42:21]} {[%emt 00:01:08]} 17. Ne4 {[%clk
00:43:11]} {[%emt 00:00:10]} Qg6+ {[%clk 00:40:43]} {[%emt 00:02:08]} 18. Ng3
{[%clk 00:43:10]} {[%emt 00:00:30]} h5 {[%clk 00:33:33]} {[%emt 00:07:41]} 19.
Bc2 {[%clk 00:41:53]} {[%emt 00:01:46]} Qh6 {[%clk 00:30:00]} {[%emt 00:04:03]}
20. f4 {[%clk 00:24:29]} {[%emt 00:17:54]} g6 {[%clk 00:20:31]} {[%emt
00:10:00]} 21. Qd3 {[%clk 00:19:28]} {[%emt 00:05:30]} Qxf4 {[%clk 00:15:31]}
{[%emt 00:05:30]} 22. Nxh5 {[%clk 00:19:31]} {[%emt 00:00:27]} Qg5+ {[%clk
00:15:55]} {[%emt 00:00:06]} 23. Ng3 {[%clk 00:19:53]} {[%emt 00:00:07]} Bf5
{[%clk 00:11:50]} {[%emt 00:04:35]} 24. Qd1 {[%clk 00:19:19]} {[%emt 00:01:05]}
Bxc2 {[%clk 00:10:29]} {[%emt 00:01:51]} 25. Qxc2 {[%clk 00:19:45]} {[%emt
00:00:03]} Qxd5 {[%clk 00:09:02]} {[%emt 00:01:57]} 26. Qe4 {[%clk 00:19:27]}
{[%emt 00:00:48]} Qxe4 {[%clk 00:08:24]} {[%emt 00:01:09]} 27. Nxe4 {[%clk
00:19:49]} {[%emt 00:00:08]} Be7 {[%clk 00:07:45]} {[%emt 00:01:02]} 28. Rad1
{[%clk 00:19:28]} {[%emt 00:00:58]} Rad8 {[%clk 00:07:45]} {[%emt 00:00:30]}
29. Kg2 {[%clk 00:19:19]} {[%emt 00:00:38]} f5 {[%clk 00:06:42]} {[%emt
00:01:34]} 30. Ng3 {[%clk 00:19:30]} {[%emt 00:00:19]} Kf7 {[%clk 00:06:54]}
{[%emt 00:00:18]} 31. f4 {[%clk 00:18:51]} {[%emt 00:01:08]} Bd6 {[%clk
00:06:15]} {[%emt 00:01:10]} 32. Kf3 {[%clk 00:19:13]} {[%emt 00:00:07]} Rh8
{[%clk 00:06:22]} {[%emt 00:00:24]} 33. Re2 {[%clk 00:19:28]} {[%emt 00:00:15]}
Kf6 {[%clk 00:04:05]} {[%emt 00:02:45]} 34. Rde1 {[%clk 00:18:46]} {[%emt
00:01:13]} Kf7 {[%clk 00:03:53]} {[%emt 00:00:42]} 35. Nf1 {[%clk 00:19:08]}
{[%emt 00:00:07]} Bc5 {[%clk 00:03:43]} {[%emt 00:00:42]} 36. Re5 {[%clk
00:14:51]} {[%emt 00:04:47]} Bd6 {[%clk 00:03:45]} {[%emt 00:00:28]} 37. R5e2
{[%clk 00:14:44]} {[%emt 00:00:37]} a5 {[%clk 00:01:30]} {[%emt 00:02:46]} 38.
b3 {[%clk 00:13:54]} {[%emt 00:01:20]} b4 {[%clk 00:01:08]} {[%emt 00:00:52]}
39. cxb4 {[%clk 00:14:13]} {[%emt 00:00:11]} axb4 {[%clk 00:01:29]} {[%emt
00:00:10]} 40. Rc1 {[%clk 00:09:56]} {[%emt 00:04:46]} Rh3+ {[%clk 00:01:30]}
{[%emt 00:00:29]} 41. Ng3 {[%clk 00:10:02]} {[%emt 00:00:23]} Rdh8 {[%clk
00:00:38]} {[%emt 00:01:23]} 42. Rcc2 {[%clk 00:09:17]} {[%emt 00:01:15]} R8h4
{[%clk 00:00:33]} {[%emt 00:00:36]} 43. Rc4 {[%clk 00:09:24]} {[%emt 00:00:22]}
Rxh2 {[%clk 00:00:43]} {[%emt 00:00:21]} 44. Rxh2 {[%clk 00:09:47]} {[%emt
00:00:06]} Rxh2 {[%clk 00:01:06]} {[%emt 00:00:07]} 45. Ne2 {[%clk 00:10:12]}
{[%emt 00:00:05]} Rh1 {[%clk 00:00:48]} {[%emt 00:00:49]} 46. Rc1 {[%clk
00:09:31]} {[%emt 00:01:10]} Rxc1 {[%clk 00:30:24]} {[%emt 00:00:56]} 47. Nxc1
{[%clk 00:39:56]} {[%emt 00:00:05]} Ke6 {[%clk 00:30:27]} {[%emt 00:00:27]} 48.
Nd3 {[%clk 00:40:17]} {[%emt 00:00:08]} Kd5 {[%clk 00:30:44]} {[%emt 00:00:14]}
49. Ke3 {[%clk 00:40:36]} {[%emt 00:00:10]} Bc5+ {[%clk 00:25:03]} {[%emt
00:06:13]} 50. Nxc5 {[%clk 00:40:36]} {[%emt 00:00:29]} Kxc5 {[%clk 00:25:27]}
{[%emt 00:00:06]} 51. Kf3 {[%clk 00:40:58]} {[%emt 00:00:08]} Kd4 {[%clk
00:25:38]} {[%emt 00:00:20]} 0-1

[Event "DEM U12 2021"]
[Site "Willingen GER"]
[Date "2021.08.25"]
[Round "4"]
[White "Sauer, Tim"]
[Black "Schuricht, Emil Frederick"]
[Result "0-1"]
[Termination "normal"]
[Board "4"]
[WhiteElo "1810"]
[BlackElo "1422"]
[WhiteClock "00:08:02"]
[BlackClock "00:41:33"]
[PlyCount "42"]
[WhiteFideId "16265726"]
[BlackFideId "16270185"]
[EventCountry "GER"]
[EventRounds "9"]
[EventType "swiss"]
[EventDate "2021.08.22"]

1. c4 {[%clk 01:30:57]} {[%emt 00:00:02]} e5 {[%clk 01:30:27]} {[%emt
00:00:34]} 2. Nc3 {[%clk 01:31:17]} {[%emt 00:00:10]} Nf6 {[%clk 01:30:36]}
{[%emt 00:00:20]} 3. g3 {[%clk 01:31:34]} {[%emt 00:00:12]} c6 {[%clk
01:29:58]} {[%emt 00:01:08]} 4. d4 {[%clk 01:30:12]} {[%emt 00:01:52]} exd4
{[%clk 01:29:57]} {[%emt 00:00:31]} 5. Qxd4 {[%clk 01:30:29]} {[%emt 00:00:13]}
d5 {[%clk 01:29:58]} {[%emt 00:00:28]} 6. Bg5 {[%clk 01:28:57]} {[%emt
00:02:02]} Be7 {[%clk 01:29:28]} {[%emt 00:01:01]} 7. cxd5 {[%clk 01:22:31]}
{[%emt 00:06:56]} cxd5 {[%clk 01:29:32]} {[%emt 00:00:25]} 8. Bg2 {[%clk
01:18:21]} {[%emt 00:04:39]} Nc6 {[%clk 01:29:13]} {[%emt 00:00:49]} 9. Qa4
{[%clk 01:14:10]} {[%emt 00:04:43]} d4 {[%clk 01:25:20]} {[%emt 00:04:23]} 10.
O-O-O {[%clk 01:01:07]} {[%emt 00:13:32]} Bd7 {[%clk 01:24:05]} {[%emt
00:02:03]} 11. Bxf6 {[%clk 00:56:06]} {[%emt 00:05:13]} Bxf6 {[%clk 01:24:19]}
{[%emt 00:00:27]} 12. Nd5 {[%clk 00:55:08]} {[%emt 00:01:16]} Rc8 {[%clk
01:20:08]} {[%emt 00:04:42]} 13. Kb1 {[%clk 00:51:53]} {[%emt 00:03:45]} O-O
{[%clk 01:05:04]} {[%emt 00:15:34]} 14. e4 {[%clk 00:37:13]} {[%emt 00:15:09]}
dxe3 {[%clk 00:57:14]} {[%emt 00:08:20]} 15. fxe3 {[%clk 00:28:46]} {[%emt
00:08:57]} Ne5 {[%clk 00:48:14]} {[%emt 00:09:31]} 16. Nxf6+ {[%clk 00:19:46]}
{[%emt 00:09:30]} Qxf6 {[%clk 00:48:13]} {[%emt 00:00:30]} 17. Qf4 {[%clk
00:18:32]} {[%emt 00:01:43]} Bf5+ {[%clk 00:45:17]} {[%emt 00:03:26]} 18. e4
{[%clk 00:17:21]} {[%emt 00:01:41]} Nc4 {[%clk 00:45:33]} {[%emt 00:00:14]} 19.
Rd2 {[%clk 00:10:18]} {[%emt 00:07:33]} Rfd8 {[%clk 00:40:55]} {[%emt
00:05:08]} 20. Rxd8+ {[%clk 00:08:41]} {[%emt 00:02:07]} Rxd8 {[%clk 00:41:18]}
{[%emt 00:00:07]} 21. Qc1 {[%clk 00:08:02]} {[%emt 00:01:08]} Rd1 {[%clk
00:41:33]} {[%emt 00:00:16]} 0-1

[Event "DEM U12 2021"]
[Site "Willingen GER"]
[Date "2021.08.25"]
[Round "4"]
[White "Jahnz, Laurin"]
[Black "Neuhoff, Laertes"]
[Result "0-1"]
[Termination "normal"]
[Board "5"]
[WhiteElo "1546"]
[BlackElo "1847"]
[WhiteClock "00:18:12"]
[BlackClock "00:05:51"]
[PlyCount "50"]
[WhiteFideId "16261089"]
[BlackFideId "16279719"]
[EventCountry "GER"]
[EventRounds "9"]
[EventType "swiss"]
[EventDate "2021.08.22"]

1. e4 {[%clk 01:30:59]} e5 {[%clk 01:30:57]} {[%emt 00:00:04]} 2. Nf3 {[%clk
01:31:23]} {[%emt 00:00:06]} Nc6 {[%clk 01:31:25]} {[%emt 00:00:02]} 3. Bb5
{[%clk 01:31:46]} {[%emt 00:00:07]} a6 {[%clk 01:31:41]} {[%emt 00:00:14]} 4.
Bxc6 {[%clk 01:32:10]} {[%emt 00:00:06]} dxc6 {[%clk 01:32:03]} {[%emt
00:00:08]} 5. d4 {[%clk 01:32:34]} {[%emt 00:00:06]} exd4 {[%clk 01:31:01]}
{[%emt 00:01:32]} 6. Qxd4 {[%clk 01:32:58]} {[%emt 00:00:05]} Qxd4 {[%clk
01:25:31]} {[%emt 00:06:01]} 7. Nxd4 {[%clk 01:33:24]} {[%emt 00:00:04]} Bd7
{[%clk 01:19:31]} {[%emt 00:06:29]} 8. Be3 {[%clk 01:30:58]} {[%emt 00:02:56]}
Nf6 {[%clk 01:16:47]} {[%emt 00:03:14]} 9. f3 {[%clk 01:28:01]} {[%emt
00:03:28]} O-O-O {[%clk 01:13:19]} {[%emt 00:03:57]} 10. Nc3 {[%clk 01:22:16]}
{[%emt 00:06:16]} Bb4 {[%clk 01:09:48]} {[%emt 00:04:01]} 11. Nde2 {[%clk
01:20:00]} {[%emt 00:02:47]} Be6 {[%clk 00:59:46]} {[%emt 00:10:32]} 12. a3
{[%clk 01:17:45]} {[%emt 00:02:45]} Ba5 {[%clk 00:58:34]} {[%emt 00:01:42]} 13.
Kf2 {[%clk 01:16:02]} {[%emt 00:02:13]} Nd7 {[%clk 00:51:34]} {[%emt 00:07:30]}
14. Rad1 {[%clk 00:47:03]} {[%emt 00:29:29]} Ne5 {[%clk 00:42:47]} {[%emt
00:09:17]} 15. Bd4 {[%clk 00:38:07]} {[%emt 00:09:27]} Nc4 {[%clk 00:27:16]}
{[%emt 00:16:00]} 16. Bxg7 {[%clk 00:28:26]} {[%emt 00:10:07]} Bb6+ {[%clk
00:21:45]} {[%emt 00:06:05]} 17. Nd4 {[%clk 00:17:04]} {[%emt 00:11:51]} Rhg8
{[%clk 00:15:49]} {[%emt 00:06:26]} 18. Bf6 {[%clk 00:17:10]} {[%emt 00:00:25]}
Nxb2 {[%clk 00:13:20]} {[%emt 00:02:59]} 19. Bxd8 {[%clk 00:17:09]} {[%emt
00:00:30]} Rxd8 {[%clk 00:11:18]} {[%emt 00:02:32]} 20. Nce2 {[%clk 00:17:17]}
{[%emt 00:00:22]} Nxd1+ {[%clk 00:09:21]} {[%emt 00:02:27]} 21. Rxd1 {[%clk
00:17:41]} {[%emt 00:00:07]} Bc4 {[%clk 00:05:54]} {[%emt 00:03:57]} 22. Rb1
{[%clk 00:17:07]} {[%emt 00:01:03]} Bxd4+ {[%clk 00:06:05]} {[%emt 00:00:19]}
23. Nxd4 {[%clk 00:17:35]} {[%emt 00:00:03]} Rxd4 {[%clk 00:06:34]} 24. g4
{[%clk 00:17:47]} {[%emt 00:00:17]} Rd2+ {[%clk 00:05:51]} {[%emt 00:01:14]}
25. Kg3 {[%clk 00:18:12]} {[%emt 00:00:05]} Rxc2 {[%emt 00:00:39]} 0-1

[Event "DEM U12 2021"]
[Site "Willingen GER"]
[Date "2021.08.25"]
[Round "4"]
[White "Klaska, Philipp Leon"]
[Black "Dorendorf, Mika"]
[Result "0-1"]
[Termination "normal"]
[Board "6"]
[WhiteElo "1742"]
[BlackElo "1492"]
[WhiteClock "00:25:41"]
[BlackClock "01:03:09"]
[PlyCount "94"]
[WhiteFideId "16238044"]
[BlackFideId "16283066"]
[EventCountry "GER"]
[EventRounds "9"]
[EventType "swiss"]
[EventDate "2021.08.22"]

1. d4 {[%clk 01:30:58]} {[%emt 00:00:02]} d5 {[%clk 01:30:56]} {[%emt
00:00:04]} 2. Nf3 {[%clk 01:31:18]} {[%emt 00:00:10]} Nf6 {[%clk 01:31:22]}
{[%emt 00:00:04]} 3. c4 {[%clk 01:31:33]} {[%emt 00:00:14]} e6 {[%clk
01:31:22]} {[%emt 00:00:31]} 4. Nc3 {[%clk 01:31:44]} {[%emt 00:00:19]} Be7
{[%clk 01:31:29]} {[%emt 00:00:23]} 5. Bg5 {[%clk 01:31:43]} {[%emt 00:00:30]}
O-O {[%clk 01:31:51]} {[%emt 00:00:09]} 6. e3 {[%clk 01:31:24]} {[%emt
00:00:49]} b6 {[%clk 01:32:06]} {[%emt 00:00:16]} 7. Bd3 {[%clk 01:30:32]}
{[%emt 00:01:20]} h6 {[%clk 01:32:20]} {[%emt 00:00:16]} 8. Bh4 {[%clk
01:30:32]} {[%emt 00:00:31]} Bb7 {[%clk 01:31:40]} {[%emt 00:01:10]} 9. O-O
{[%clk 01:29:37]} {[%emt 00:01:25]} Nbd7 {[%clk 01:30:50]} {[%emt 00:01:21]}
10. Qe2 {[%clk 01:27:28]} {[%emt 00:02:37]} c5 {[%clk 01:26:52]} {[%emt
00:04:29]} 11. Rfd1 {[%clk 01:23:20]} {[%emt 00:04:36]} Rc8 {[%clk 01:24:55]}
{[%emt 00:02:30]} 12. cxd5 {[%clk 01:15:20]} {[%emt 00:08:30]} Nxd5 {[%clk
01:24:39]} {[%emt 00:00:45]} 13. Bxe7 {[%clk 01:13:58]} {[%emt 00:01:52]} Qxe7
{[%clk 01:24:00]} {[%emt 00:01:10]} 14. Nxd5 {[%clk 01:10:13]} {[%emt
00:04:15]} Bxd5 {[%clk 01:24:13]} {[%emt 00:00:17]} 15. Ba6 {[%clk 01:04:24]}
{[%emt 00:06:17]} Rc7 {[%clk 01:21:41]} {[%emt 00:03:01]} 16. e4 {[%clk
00:55:02]} {[%emt 00:09:55]} Ba8 {[%clk 01:19:22]} {[%emt 00:02:50]} 17. Rac1
{[%clk 00:42:33]} {[%emt 00:12:59]} Nf6 {[%clk 01:16:50]} {[%emt 00:03:02]} 18.
Bd3 {[%clk 00:37:57]} {[%emt 00:05:05]} Rd8 {[%clk 01:15:12]} {[%emt 00:02:09]}
19. dxc5 {[%clk 00:32:28]} {[%emt 00:06:00]} Rxc5 {[%clk 01:13:41]} {[%emt
00:02:01]} 20. Nd2 {[%clk 00:30:30]} {[%emt 00:02:24]} Rxc1 {[%clk 01:07:55]}
{[%emt 00:06:20]} 21. Rxc1 {[%clk 00:30:12]} {[%emt 00:00:48]} Qd7 {[%clk
01:07:47]} {[%emt 00:00:38]} 22. Rc3 {[%clk 00:27:54]} {[%emt 00:02:47]} Qd4
{[%clk 01:07:01]} {[%emt 00:01:18]} 23. Nf3 {[%clk 00:25:12]} {[%emt 00:03:11]}
Qa4 {[%clk 01:05:55]} {[%emt 00:01:36]} 24. Ra3 {[%clk 00:24:02]} {[%emt
00:01:38]} Qc6 {[%clk 01:01:47]} {[%emt 00:04:39]} 25. Rc3 {[%clk 00:22:26]}
{[%emt 00:02:05]} Qb7 {[%emt 00:03:51]} 26. Nd2 {[%clk 00:20:35]} {[%emt
00:02:19]} Qd7 {[%clk 00:55:59]} {[%emt 00:02:59]} 27. f3 {[%clk 00:18:41]}
{[%emt 00:02:25]} Qd4+ {[%clk 00:49:56]} {[%emt 00:06:32]} 28. Kf1 {[%clk
00:16:16]} {[%emt 00:02:54]} Bb7 {[%clk 00:47:35]} {[%emt 00:02:53]} 29. Nb3
{[%clk 00:14:28]} {[%emt 00:02:17]} Qa4 {[%clk 00:47:03]} {[%emt 00:01:02]} 30.
a3 {[%clk 00:13:53]} {[%emt 00:01:05]} Rxd3 {[%clk 00:44:57]} {[%emt 00:02:37]}
31. Rxd3 {[%clk 00:12:37]} {[%emt 00:01:45]} Ba6 {[%clk 00:45:16]} {[%emt
00:00:13]} 32. Kf2 {[%clk 00:12:01]} {[%emt 00:01:04]} Bxd3 {[%clk 00:44:46]}
{[%emt 00:01:01]} 33. Qxd3 {[%clk 00:12:25]} {[%emt 00:00:06]} Nd7 {[%clk
00:43:47]} {[%emt 00:01:29]} 34. Nd2 {[%clk 00:10:15]} {[%emt 00:02:39]} Nc5
{[%clk 00:42:55]} {[%emt 00:01:23]} 35. Qc3 {[%clk 00:09:05]} {[%emt 00:01:37]}
Qd7 {[%clk 00:40:15]} {[%emt 00:03:14]} 36. Ke3 {[%clk 00:08:24]} {[%emt
00:01:09]} Qd6 {[%clk 00:39:33]} {[%emt 00:01:14]} 37. g3 {[%clk 00:07:56]}
{[%emt 00:00:57]} Qd7 {[%clk 00:38:51]} {[%emt 00:01:12]} 38. b4 {[%clk
00:07:10]} {[%emt 00:01:16]} Nb7 {[%clk 00:38:41]} {[%emt 00:00:41]} 39. Qd3
{[%clk 00:06:03]} {[%emt 00:01:36]} Qc7 {[%clk 00:38:38]} {[%emt 00:00:33]} 40.
Qc4 {[%clk 00:05:43]} {[%emt 00:00:50]} Qd7 {[%clk 00:38:32]} {[%emt 00:00:37]}
41. Qd3 {[%clk 00:03:51]} {[%emt 00:02:21]} Qc7 {[%clk 00:38:07]} {[%emt
00:00:55]} 42. Nc4 {[%clk 00:03:14]} {[%emt 00:01:06]} b5 {[%clk 00:38:10]}
{[%emt 00:00:29]} 43. Nd2 {[%clk 00:02:32]} {[%emt 00:01:10]} Nd6 {[%clk
00:38:08]} {[%emt 00:00:33]} 44. Qd4 {[%clk 00:00:57]} {[%emt 00:02:02]} Nb7
{[%clk 00:36:49]} {[%emt 00:01:53]} 45. Qxa7 {[%clk 00:29:07]} {[%emt
00:02:20]} Qd7 {[%clk 01:03:40]} {[%emt 00:03:38]} 46. Nb3 {[%clk 00:25:45]}
{[%emt 00:03:51]} Qd1 {[%clk 01:02:50]} {[%emt 00:01:22]} 47. Nd2 {[%clk
00:25:41]} {[%emt 00:00:33]} Qg1+ {[%clk 01:03:09]} {[%emt 00:00:11]} 0-1

[Event "DEM U12 2021"]
[Site "Willingen GER"]
[Date "2021.08.25"]
[Round "4"]
[White "Braun, Julian"]
[Black "Goldmann, David"]
[Result "1/2-1/2"]
[Termination "normal"]
[Board "7"]
[WhiteElo "1436"]
[BlackElo "1629"]
[WhiteClock "00:04:58"]
[BlackClock "00:56:16"]
[PlyCount "120"]
[WhiteFideId "16289293"]
[BlackFideId "16268920"]
[EventCountry "GER"]
[EventRounds "9"]
[EventType "swiss"]
[EventDate "2021.08.22"]

1. e4 {[%clk 01:30:59]} {[%emt 00:00:03]} c5 {[%clk 01:30:49]} {[%emt
00:00:10]} 2. Nc3 {[%clk 01:31:25]} {[%emt 00:00:05]} e6 {[%clk 01:31:14]}
{[%emt 00:00:05]} 3. Nge2 {[%clk 01:31:51]} {[%emt 00:00:03]} Nc6 {[%clk
01:31:28]} {[%emt 00:00:17]} 4. d4 {[%clk 01:32:07]} {[%emt 00:00:13]} d5
{[%clk 01:31:22]} {[%emt 00:00:37]} 5. exd5 {[%clk 01:30:45]} {[%emt 00:01:51]}
exd5 {[%clk 01:31:40]} {[%emt 00:00:13]} 6. dxc5 {[%clk 01:30:59]} {[%emt
00:00:16]} d4 {[%clk 01:32:00]} {[%emt 00:00:10]} 7. Ne4 {[%clk 01:31:21]}
{[%emt 00:00:07]} Bf5 {[%clk 01:32:05]} {[%emt 00:00:25]} 8. N2g3 {[%clk
01:31:10]} {[%emt 00:00:41]} Bxe4 {[%clk 01:31:51]} {[%emt 00:00:43]} 9. Nxe4
{[%clk 01:31:37]} {[%emt 00:00:04]} f5 {[%clk 01:31:38]} {[%emt 00:00:44]} 10.
Bg5 {[%clk 01:30:57]} {[%emt 00:01:09]} Qd5 {[%clk 01:30:28]} {[%emt 00:01:41]}
11. Nd6+ {[%clk 01:30:23]} {[%emt 00:01:03]} Bxd6 {[%clk 01:30:47]} {[%emt
00:00:11]} 12. cxd6 {[%clk 01:30:47]} {[%emt 00:00:06]} Qxd6 {[%clk 01:31:07]}
{[%emt 00:00:10]} 13. Qd2 {[%clk 01:28:25]} {[%emt 00:02:51]} Nf6 {[%clk
01:27:58]} {[%emt 00:03:40]} 14. Bxf6 {[%clk 01:21:12]} {[%emt 00:07:43]} Qxf6
{[%clk 01:28:14]} {[%emt 00:00:14]} 15. O-O-O {[%clk 01:21:08]} {[%emt
00:00:35]} O-O {[%clk 01:27:32]} {[%emt 00:01:11]} 16. Bc4+ {[%clk 01:19:23]}
{[%emt 00:02:16]} Kh8 {[%clk 01:27:54]} {[%emt 00:00:07]} 17. Rhe1 {[%clk
01:18:44]} {[%emt 00:01:08]} Qd6 {[%clk 01:25:28]} {[%emt 00:02:56]} 18. h4
{[%clk 01:10:18]} {[%emt 00:08:57]} Qc5 {[%clk 01:23:05]} {[%emt 00:02:53]} 19.
Qd3 {[%clk 01:05:27]} {[%emt 00:05:20]} Rac8 {[%clk 01:19:28]} {[%emt
00:04:08]} 20. Bb3 {[%clk 01:01:14]} {[%emt 00:04:43]} b5 {[%clk 01:15:50]}
{[%emt 00:04:09]} 21. Re2 {[%clk 00:58:12]} {[%emt 00:03:31]} Rcd8 {[%clk
01:13:51]} {[%emt 00:02:30]} 22. a3 {[%clk 00:50:53]} {[%emt 00:07:49]} a5
{[%clk 01:13:04]} {[%emt 00:01:17]} 23. a4 {[%clk 00:46:31]} {[%emt 00:04:52]}
bxa4 {[%clk 01:09:50]} {[%emt 00:03:44]} 24. Bxa4 {[%clk 00:46:42]} {[%emt
00:00:18]} Nb4 {[%clk 01:10:11]} {[%emt 00:00:09]} 25. Qb5 {[%clk 00:45:27]}
{[%emt 00:01:44]} Na2+ {[%clk 01:08:13]} {[%emt 00:02:30]} 26. Kd2 {[%clk
00:43:00]} {[%emt 00:02:56]} Qc7 {[%clk 01:07:14]} {[%emt 00:01:29]} 27. g3
{[%clk 00:36:02]} {[%emt 00:07:28]} Rb8 {[%clk 01:05:46]} {[%emt 00:01:59]} 28.
Qd7 {[%clk 00:28:43]} {[%emt 00:07:48]} Qxd7 {[%clk 01:03:38]} {[%emt
00:02:38]} 29. Bxd7 {[%clk 00:29:09]} {[%emt 00:00:03]} Rxb2 {[%clk 01:03:59]}
{[%emt 00:00:10]} 30. Rde1 {[%clk 00:28:57]} {[%emt 00:00:40]} g6 {[%clk
01:03:21]} {[%emt 00:01:20]} 31. Re7 {[%clk 00:26:31]} {[%emt 00:02:45]} Nb4
{[%clk 01:02:23]} {[%emt 00:01:29]} 32. Ba4 {[%clk 00:25:50]} {[%emt 00:01:12]}
Rd8 {[%clk 00:58:08]} {[%emt 00:04:44]} 33. Bb3 {[%clk 00:19:45]} {[%emt
00:06:34]} a4 {[%clk 00:57:39]} {[%emt 00:01:00]} 34. Bxa4 {[%clk 00:18:12]}
{[%emt 00:02:03]} Nd5 {[%clk 00:52:46]} {[%emt 00:05:23]} 35. Re8+ {[%clk
00:17:50]} {[%emt 00:00:52]} Rxe8 {[%clk 00:51:54]} {[%emt 00:01:22]} 36. Rxe8+
{[%clk 00:18:17]} {[%emt 00:00:02]} Kg7 {[%clk 00:52:09]} {[%emt 00:00:16]} 37.
Bb3 {[%clk 00:17:40]} {[%emt 00:01:07]} Nc3 {[%clk 00:52:20]} {[%emt 00:00:19]}
38. Re1 {[%clk 00:16:36]} {[%emt 00:01:33]} Kf6 {[%clk 00:51:37]} {[%emt
00:01:15]} 39. f4 {[%clk 00:16:10]} {[%emt 00:00:55]} Rb1 {[%clk 00:51:15]}
{[%emt 00:00:51]} 40. Rxb1 {[%clk 00:16:35]} {[%emt 00:00:05]} Nxb1+ {[%clk
00:51:38]} {[%emt 00:00:08]} 41. Kd3 {[%clk 00:16:52]} {[%emt 00:00:12]} Nc3
{[%clk 00:51:59]} {[%emt 00:00:07]} 42. Bc4 {[%clk 00:15:49]} {[%emt 00:01:35]}
Ne4 {[%clk 00:52:20]} {[%emt 00:00:09]} 43. Kxd4 {[%clk 00:16:11]} {[%emt
00:00:09]} Nxg3 {[%clk 00:52:43]} {[%emt 00:00:07]} 44. Bd3 {[%clk 00:15:18]}
{[%emt 00:01:22]} Nh5 {[%clk 00:52:50]} {[%emt 00:00:24]} 45. Ke3 {[%clk
00:15:10]} {[%emt 00:00:37]} Ke6 {[%clk 00:53:12]} {[%emt 00:00:09]} 46. Bc4+
{[%clk 00:14:33]} {[%emt 00:01:07]} Kd6 {[%clk 00:53:34]} {[%emt 00:00:07]} 47.
Be2 {[%clk 00:13:20]} {[%emt 00:01:43]} Nf6 {[%clk 00:53:53]} {[%emt 00:00:12]}
48. c4 {[%clk 00:12:38]} {[%emt 00:01:13]} Kc5 {[%clk 00:54:16]} {[%emt
00:00:05]} 49. Kd3 {[%clk 00:11:50]} {[%emt 00:01:18]} Ne8 {[%clk 00:54:31]}
{[%emt 00:00:15]} 50. Kc3 {[%clk 00:10:10]} {[%emt 00:02:11]} Nd6 {[%clk
00:54:13]} {[%emt 00:00:48]} 51. Bd3 {[%clk 00:04:32]} {[%emt 00:06:08]} Ne4+
{[%clk 00:54:09]} {[%emt 00:00:34]} 52. Bxe4 {[%clk 00:04:23]} {[%emt
00:00:39]} fxe4 {[%clk 00:54:34]} {[%emt 00:00:05]} 53. h5 {[%clk 00:04:16]}
{[%emt 00:00:37]} e3 {[%clk 00:54:49]} {[%emt 00:00:15]} 54. Kd3 {[%clk
00:04:20]} {[%emt 00:00:26]} e2 {[%clk 00:54:55]} {[%emt 00:00:24]} 55. Kxe2
{[%clk 00:04:42]} {[%emt 00:00:07]} Kxc4 {[%clk 00:55:21]} {[%emt 00:00:04]}
56. h6 {[%clk 00:04:50]} {[%emt 00:00:23]} Kd5 {[%clk 00:55:37]} {[%emt
00:00:14]} 57. Kf3 {[%clk 00:05:01]} {[%emt 00:00:19]} Ke6 {[%clk 00:55:54]}
{[%emt 00:00:13]} 58. Kg4 {[%clk 00:04:51]} {[%emt 00:00:40]} Kf6 {[%clk
00:56:05]} {[%emt 00:00:18]} 59. Kh4 {[%clk 00:04:43]} {[%emt 00:00:39]} Kf5
{[%clk 00:56:24]} {[%emt 00:00:10]} 60. Kg3 {[%clk 00:04:58]} {[%emt 00:00:16]}
g5 {[%clk 00:56:16]} {[%emt 00:00:37]} 1/2-1/2